Statistics for Members of the Hockey Hall of Fame

Click here to take the quiz!

General Stats

  • This quiz has been taken 37 times
  • The average score is 100 of 282

Answer Stats

HintAnswer% Correct
1979Bobby Orr
100%
1999Wayne Gretzky
100%
1988Guy Lafleur
96%
1997Mario Lemieux
96%
2007Mark Messier
96%
1972Gordie Howe
92%
2011Mark Howe
92%
2006Patrick Roy
92%
1965Syd Howe
92%
1987Bobby Clarke
88%
1983Bobby Hull
88%
2009Brett Hull
88%
1979Henri Richard
88%
2018Martin Brodeur
88%
1961Maurice Richard
88%
2014Mike Modano
88%
1984Phil Esposito
84%
2014Rob Blake
84%
1966Toe Blake
84%
1988Tony Esposito
84%
2014Dominik Hašek
80%
2001Jari Kurri
80%
1991Mike Bossy
80%
1961Milt Schmidt
80%
1997Bryan Trottier
76%
2012Joe Sakic
76%
2004Paul Coffey
76%
2012Pavel Bure
76%
2014Peter Forsberg
76%
2004Ray Bourque
76%
2009Steve Yzerman
76%
1990Gilbert Perreault
72%
2008Glenn Anderson
72%
2003Grant Fuhr
72%
1945Howie Morenz
72%
1978Jacques Plante
72%
1972Jean Béliveau
72%
2018Martin St. Louis
72%
2015Nicklas Lidström
72%
2017Teemu Selänne
72%
1962Alf Smith
68%
1993Billy Smith
68%
1991Clint Smith
68%
2000Denis Savard
68%
1972Hooley Smith
68%
2012Mats Sundin
68%
1986Serge Savard
68%
1973Tommy Smith
68%
2012Adam Oates
64%
2005Cam Neely
64%
1958Ching Johnson
64%
2015Chris Pronger
64%
2001Dale Hawerchuk
64%
1991Denis Potvin
64%
1945Georges Vézina
64%
1995Larry Robinson
64%
2009Luc Robitaille
64%
1992Marcel Dionne
64%
1952Moose Johnson
64%
2007Ron Francis
64%
2013Scott Niedermayer
64%
2007Scott Stevens
64%
2015Sergei Fedorov
64%
1970Tom Johnson
64%
2007Al MacInnis
60%
1996Börje Salming
60%
2011Ed Belfour
60%
1975Glenn Hall
60%
1961Joe Hall
60%
2001Mike Gartner
60%
1998Peter Šťastný
60%
1963Phat Wilson
60%
1969Sid Abel
60%
1983Stan Mikita
60%
1993Steve Shutt
60%
1966Ted Lindsay
60%
1971Terry Sawchuk
60%
1977Tim Horton
60%
1982Yvan Cournoyer
60%
1992Bob Gainey
56%
1988Brad Park
56%
2013Chris Chelios
56%
1989Darryl Sittler
56%
2017Dave Andreychuk
56%
2016Eric Lindros
56%
2011Joe Nieuwendyk
56%
1992Lanny McDonald
56%
1977Alex Delvecchio
52%
2013Brendan Shanahan
52%
1974Dickie Moore
52%
1973Doug Harvey
52%
1981Frank Mahovlich
52%
1983Ken Dryden
52%
2017Paul Kariya
52%
1978Andy Bathgate
48%
1972Bernie Geoffrion
48%
1990Bill Barber
48%
1963Billy Gilmour
48%
2009Brian Leetch
48%
2002Clark Gillies
48%
2011Doug Gilmour
48%
1984Jacques Lemaire
48%
2019Sergei Zubov
48%
1961Syl Apps
48%
1971Busher Jackson
44%
1947Cyclone Taylor
44%
1985Gerry Cheevers
44%
2019Guy Carbonneau
44%
1976Johnny Bower
44%
1981Johnny Bucyk
44%
2017Mark Recchi
44%
2003Pat LaFontaine
44%
1982Rod Gilbert
44%
1959Tiny Thompson
44%
2002Bernie Federko
40%
1964Bill Durnan
40%
1969Bryan Hextall
40%
1947Eddie Shore
40%
1966Elmer Lach
40%
1993Guy Lapointe
40%
1985Jean Ratelle
40%
1975Pierre Pilote
40%
1966Ted Kennedy
40%
1984Bernie Parent
36%
2010Dino Ciccarelli
36%
1966Émile Bouchard
36%
1961George Hainsworth
36%
2015Phil Housley
36%
2016Rogie Vachon
36%
2001Viacheslav Fetisov
36%
1981Allan Stanley
32%
1947Aurèle Joliat
32%
1963Barney Stanley
32%
1961Charlie Conacher
32%
1987Eddie Giacomin
32%
2008Igor Larionov
32%
1994Lionel Conacher
32%
1998Michel Goulet
32%
1950Newsy Lalonde
32%
1998Roy Conacher
32%
1989Vladislav Tretiak
32%
1986Dave Keon
28%
1975George Armstrong
28%
1958King Clancy
28%
2004Larry Murphy
28%
1947Lester Patrick
28%
1980Lynn Patrick
28%
1967Turk Broda
28%
1949Art Ross
24%
1964Doug Bentley
24%
1971Gordon Roberts
24%
1963Harry E. Watson
24%
1994Harry P. Watson
24%
1959Jack Adams
24%
1966Max Bentley
24%
2002Rod Langway
24%
2016Sergei Makarov
24%
1975Ace Bailey
20%
2010Angela James
20%
1985Bert Olmstead
20%
1952Bill Cook
20%
1995Bun Cook
20%
2006Dick Duff
20%
1980Gump Worsley
20%
1961Hap Day
20%
1979Harry Howell
20%
1950Joe Malone
20%
2000Joe Mullen
20%
1963Shorty Green
20%
1964Babe Siebert
16%
1965Bill Mosienko
16%
1963Bullet Joe Simpson
16%
2010Cammi Granato
16%
1965Clint Benedict
16%
1958Dick Irvin
16%
1966Frank Brimsek
16%
1950George Richardson
16%
1980Harry Lumley
16%
2019Hayley Wickenheiser
16%
1958Herb Gardiner
16%
1987Jacques Laperrière
16%
1966Ken Reardon
16%
1958Alec Connell
12%
1950Allan Davidson
12%
1966Babe Pratt
12%
1968Bill Cowley
12%
1996Bobby Bauer
12%
1945Charlie Gardiner
12%
1959Cy Denneny
12%
1963Didier Pitre
12%
1945Frank McGee
12%
1947Frank Nighbor
12%
1958George Hay
12%
1989Herbie Lewis
12%
1963Jack Laviolette
12%
1963Jimmy Gardner
12%
1950Mike Grant
12%
1982Norm Ullman
12%
1962Reg Noble
12%
2018Alexander Yakushev
8%
1974Art Coulter
8%
1970Babe Dye
8%
1970Bill Gadsby
8%
1964Black Jack Stewart
8%
1991Bob Pulford
8%
1960Buck Boucher
8%
1988Buddy O'Connor
8%
1973Chuck Rayner
8%
2017Danielle Goyette
8%
1947Dit Clapper
8%
1963Earl Seibert
8%
1990Fernie Flaman
8%
1958Frank Boucher
8%
1958Frank Foyston
8%
1975Gordie Drillon
8%
1945Harvey Pulford
8%
1945Hobey Baker
8%
1963Joe Primeau
8%
1986Leo Boivin
8%
1978Marcel Pronovost
8%
1965Marty Barry
8%
1963Marty Walsh
8%
1952Nels Stewart
8%
1961Oliver Seibert
8%
1958Paddy Moran
8%
1958Red Dutton
8%
1963Rusty Crawford
8%
1958Sprague Cleghorn
8%
1960Sylvio Mantha
8%
1963Tom Hooper
8%
1945Tommy Phillips
8%
2019Václav Nedomanský
8%
2005Valeri Kharlamov
8%
1992Woody Dumart
8%
2015Angela Ruggiero
4%
1965Arthur Farrell
4%
1976Bill Quackenbush
4%
1974Billy Burch
4%
1965Blair Russel
4%
1963Bouse Hutton
4%
1961Bruce Stuart
4%
1971Cooney Weiland
4%
1949Dan Bain
4%
1952Dickie Boon
4%
1958Duke Keats
4%
1963Ebbie Goodfellow
4%
1945Eddie Gerard
4%
1993Edgar Laprade
4%
1958Frank Fredrickson
4%
1961Frank Rankin
4%
1963Frederick Whitcroft
4%
1965Fred Scanlan
4%
1958George McNamara
4%
2013Geraldine Heaney
4%
1972Hap Holmes
4%
1963Harry Cameron
4%
1962Harry Hyland
4%
1967Harry Oliver
4%
1950Harry Trihey
4%
1945Hod Stuart
4%
1958Hughie Lehman
4%
1963Jack Darragh
4%
1965Jack Marshall
4%
1963Jack Ruttan
4%
1960Jack Walker
4%
2018Jayna Hefford
4%
1952Mickey MacKay
4%
1952Moose Goheen
4%
1967Neil Colville
4%
1961Percy LeSueur
4%
1962Punch Broadbent
4%
1963Rat Westwick
4%
1965Red Horner
4%
1963Riley Hern
4%
1947Russell Bowie
4%
1950Silas Griffis
4%
1962Steamer Maxwell
4%
1962Sweeney Schriner
4%
1974Tommy Dunderdale
4%
1963Billy McGimsie
0%
1965Ernie Russell
0%

Score Distribution

Percentile by Number Answered

Percent of People with Each Score

Your Score History

You have not taken this quiz